00889 2200325 4500001002100000005001500021035002000036007000300056040001600059100002700075245002700102250001600129300003500145020001800180041000800198082001100206090002200217264003700239336002100276337003000297338002300327650002800350850001000378008004100388700003900429504002400468990002400492990002400516990002300540INLIS00000000000448120260525112428 a0010-0122000113ta aSPBUPDbind0 aPujiriyantoePengarang1 aDesain Grafis Komputer aEd 1.cet.10 av,217 hlm. :bilus. ;c16x23cm a979-731-846-X aind a006.68 a006.68 AND m 1 14 aYogyakarta :bAndi Offset,c2005 2rdacontentaTeks 2rdamediaaTanpa Perantara 2rdacarrieravolume 4aTeori Komunikasi Grafis aPUPAD260525 0  aEditor, Sigit SuyantoroePengarang aBibliografi,hlm,218 a6020/Br/ARPUS-PDG08 a6019/Br/ARPUS-PDG08 a6019/BR/ARPUS/2007